Race, class and gender in a diverse society : (Record no. 20186)
[ view plain ]
| 000 -LEADER | |
|---|---|
| fixed length control field | 00642nam a2200217 a 4500 |
| 005 - DATE AND TIME OF LATEST TRANSACTION | |
| control field | 20140310183213.0 |
| 008 - FIXED-LENGTH DATA ELEMENTS--GENERAL INFORMATION | |
| fixed length control field | 970101s19uu xx 00 eng d |
| 020 ## - INTERNATIONAL STANDARD BOOK NUMBER | |
| International Standard Book Number | 0205198287 |
| 050 ## - LIBRARY OF CONGRESS CALL NUMBER | |
| Classification number | HN 90.S6 |
| Item number | .R35 1997 |
| 100 ## - MAIN ENTRY--PERSONAL NAME | |
| Personal name | Kendall, Diana |
| 245 ## - TITLE STATEMENT | |
| Title | Race, class and gender in a diverse society : |
| Remainder of title | a text reader / |
| Statement of responsibility, etc | Diana Kendall. |
| 260 ## - PUBLICATION, DISTRIBUTION, ETC. (IMPRINT) | |
| Place of publication, distribution, etc | Boston : |
| Name of publisher, distributor, etc | Allyn and Bacon, |
| Date of publication, distribution, etc | 1997. |
| 300 ## - PHYSICAL DESCRIPTION | |
| Extent | 450 p. : |
| Dimensions | 23.5 cm. |
| 500 ## - GENERAL NOTE | |
| General note | Includes index. |
| 650 ## - SUBJECT ADDED ENTRY--TOPICAL TERM | |
| Topical term or geographic name as entry element | Equality |
| General subdivision | US |
| 650 ## - SUBJECT ADDED ENTRY--TOPICAL TERM | |
| Topical term or geographic name as entry element | Marginality,social |
| General subdivision | US |
| 650 ## - SUBJECT ADDED ENTRY--TOPICAL TERM | |
| Topical term or geographic name as entry element | Minorities,social |
| General subdivision | US |
| 650 ## - SUBJECT ADDED ENTRY--TOPICAL TERM | |
| Topical term or geographic name as entry element | Women |
| General subdivision | social conditions |
| 942 ## - ADDED ENTRY ELEMENTS (KOHA) | |
| Koha item type | Books |
| Source of classification or shelving scheme | Library of Congress Classification |
| Call number prefix | Foreign |
| Withdrawn status | Lost status | Source of classification or shelving scheme | Damaged status | Home library | Current library | Shelving location | Date acquired | Cost, normal purchase price | Total Checkouts | Total Renewals | Full call number | Barcode | Date last seen | Date checked out | Copy number | Price effective from | Koha item type |
|---|---|---|---|---|---|---|---|---|---|---|---|---|---|---|---|---|---|
| Library of Congress Classification | College Library | College Library | General Circulation Section | 01/01/1997 | 2298.00 | 2 | 2 | HN 90.S6 .R35 1997 | C3365 | 05/15/2018 | 11/26/2015 | 1 | 10/10/2013 | Books |